000 00725nam a2200229Ia 4500
003 GCL
008 140319s9999 xx 000 0 ara d
020 _a5066149977
040 _aGCL /
_cGCL
082 0 4 _a808.5
_bم خ
100 1 _aمحمود عكاشة
245 1 0 _aخطاب السلطة الاعلامى /
_cمحمود عكاشة
250 _aالاولى
260 _aالقاهرة :
_bالاكاديمية الحديثة للكتاب الجامعى ،
_c2005
300 _a154 ص ؛
_c20 سم
650 0 4 _aالخطابة
650 0 4 _aالبلاغة
650 0 4 _aالخطابة العربية
650 0 4 _aالاعلام الدولى
650 0 4 _aالخطابة السياسية
942 _2ddc
_cBK
999 _c50893
_d50893